Diary Of A Minecraft Zombie Book 11 Inside Out/ (Record no. 204960)

MARC details
000 -LEADER
fixed length control field 00533 a2200193 4500
005 - DATE AND TIME OF LATEST TRANSACTION
control field 20240808150045.0
010 ## - LCCN (DPL NO)
LC control number B-760141 Ch-En
020 ## - INTERNATIONAL STANDARD BOOK NUMBER
International Standard Book Number 9789354713101
Terms of availability 350.00
035 ## - SYSTEM CONTROL NUMBER
System control number B-760141
037 ## - SOURCE OF ACQUISITION
Source of stock number/acquisition Gift
082 ## - DEWEY DECIMAL CLASSIFICATION NUMBER
Classification number S
100 ## - MAIN ENTRY--PERSONAL NAME
Personal name Zack Zombie
245 ## - TITLE STATEMENT
Title Diary Of A Minecraft Zombie Book 11 Inside Out/
Remainder of title Zack Zombie
260 ## - PUBLICATION, DISTRIBUTION, ETC. (IMPRINT)
Place of publication, distribution, etc New Delhi
Name of publisher, distributor, etc Scholastic Inc.
Date of publication, distribution, etc 2017
270 ## - ADDRESS
Address New Delhi
300 ## - PHYSICAL DESCRIPTION
Extent 153 p.
Dimensions 20 cm(Pb)
942 ## - ADDED ENTRY ELEMENTS (KOHA)
Institution code [OBSOLETE] dpl
Item type Children Books
Source of classification or shelving scheme Dewey Decimal Classification
Classification part S
Call number suffix ZOM
Holdings
Withdrawn status Lost status Not for loan Collection code Home library Current library Date acquired Source of acquisition Cost, normal purchase price Full call number Barcode Copy number Cost, replacement price Koha item type Public note
      Fiction Kadipur Kadipur 08/08/2024 Gift/6.8.24 350.00 S ZOM B-760141 1 350.00 Children Books Gift

© Delhi Public Library
Hit Counter
free hit counter